Disneyfilm einem Land zuordnen - Statistiken

Allgemein
  • Dieses Quiz wurde 183 mal gespielt
  • Das Durchschnittsergebnis liegt bei 6 aus 18
Antwortstatistiken
Hint Antwort % Korrekt
Frankreich Aristocats | Der Glöckner von Notre Dame | Die Schöne und das Biest | Ratatouille | 102 Dalmatiner
77%
China Mulan
77%
Vereinigte Staaten A Toy Story: Alles hört auf kein Kommando | Alles steht Kopf | Alles steht Kopf 2 | Arlo & Spot | Bärenbrüder | Bernard und Bianca – Die Mäusepolizei | Bolt – Ein Hund für alle Fälle[ | Cap und Capper | Cars | Cars 2 | Cars 3: Evolution | Chaos im Netz | Christopher Robin | Das große Krabbeln | Die Abenteuer von Ichabod und Taddäus Kröte | Die Kühe sind los | Disneys Große Pause: Die geheime Mission | Disneys Klassenhund: Der Film | Drei Caballeros | Dumbo | Dumbo | Findet Dorie | Fröhlich, Frei, Spaß dabei | Goofy – Der Film | Heffalump – Ein neuer Freund für Winnie Puuh | Küss den Frosch | Lilo & Stitch | Make Mine Music | Maleficent – Die dunkle Fee | Oben | Oliver & Co. | Planes 2 – Immer im Einsatz | Pocahontas | Saludos Amigos | Soul | Susi und Strolch | Toy Story | Toy Story 2 | Toy Story 3 | Triff die Robinsons | WALL·E – Der Letzte räumt die Erde auf
61%
Polynesien (Ozeanien) Vaiana | Vaiana 2
47%
Griechenland Hercules
42%
Mexiko Coco – Lebendiger als das Leben! | Drei Caballeros
39%
Italien Luca | Pinocchio
36%
Vereinigtes Königreich 101 Dalmatiner | 102 Dalmatiner | Alice im Wunderland | Alice im Wunderland: Hinter den Spiegeln | Basil, der große Mäusedetektiv | Cruella | Die Hexe und der Zauberer | Die vielen Abenteuer von Winnie Puuh[A 1][A 2] | Ferkels großes Abenteuer | Peter Pan | Peter Pan & Wendy | Peter Pan: Neue Abenteuer in Nimmerland | Robin Hood | Winnie Puuh[A 1][A 2]
34%
Kolumbien Encanto
27%
Indien Dschungelbuch
23%
Peru Ein Königreich für ein Lama | Drei Caballeros
20%
Australien Bernard und Bianca im Känguruland | Findet Nemo
18%
Kanada Rot | Bärenbrüder
18%
Weltraum Der Schatzplanet | Lightyear | WALL·E – Der Letzte räumt die Erde auf
14%
Deutschland Schneewittchen und die sieben Zwerge
13%
Schottland (vereinigtes Königreich) Merida -Legende der Highlands
10%
Venezula Oben
7%
Argentinien, Brasilien, Chile Drei Caballeros | Saludos Amigos
4%
Keine übereinstimmenden Quizze gefunden
Verteilung der Resultate
Anzahl Personen mit jedem Resultat
Perzentil nach korrekt beantworteten Fragen
Ihre Resultats-Entwicklung
Sie haben dieses Quiz noch nicht gespielt